| 000 | 00911nam a22002535a 4500 | ||
|---|---|---|---|
| 001 | 15285048 | ||
| 005 | 20080502080025.0 | ||
| 008 | 080502s2008 nyu 000 0 eng | ||
| 010 | _a 2008928442 | ||
| 020 | _a9780387777528 (hardcover : alk. paper) | ||
| 020 | _a9780387777535 (ebook : alk. paper) | ||
| 040 |
_aDLC _cDLC |
||
| 082 |
_222 _a620.5 _bSEN |
||
| 245 | 0 | 0 |
_aSensors based on nanostructured materials / _cEditor Francisco J. Arregui. |
| 260 |
_aNew York : _bSpringer, _cc2009. |
||
| 263 | _a0809 | ||
| 300 |
_aix, 326 p.: _bill.; _c24 cm. |
||
| 504 | _aIncludes bibliographical references and index. | ||
| 650 | 0 |
_aNanostructured materials. _96685 |
|
| 700 | 1 |
_aArregui, Francisco J. _96686 |
|
| 942 |
_2ddc _cBB |
||
| 999 |
_c11960 _d11960 |
||